000 00687nam a2200217 i 4500
001 75450
003 ES-MaACL
005 20230906172445.0
007 t|
008 040924s1914 it ||||1| ita d
100 1 _aGrandgent, C. H.
_959601
245 1 0 _aIntroduzione allo studio dell latino volgare /
_cC.H. Grandgent ; traduzione dell inglese di N. Maccarrone ; con prefazione di E.G. Parodi.
260 _aMilano :
_b[s.n.,
_c1914] (
_fAllegretti)
300 _aXXI, 298 p. ;
_c15 cm.
490 1 _aManuali Hoepli
700 1 _aMaccarrone, N.
_975078
700 1 _aParodi, E. G.
_989206
830 0 _aManuali Hoepli
_9180782
852 _aES-MaACL
_jD-4249
999 _c75450
_d75450